000
00337 a2200157 4500
001
192695
020
_a
978-960-403-393-5
040
_c
Magnum
100
_a
Heath, Jennifer
240
1
0
_a
Sleeping beauty
_l
ING
245
1
0
_a
Sleeping beauty
300
_a
35
362
0
_a
2006
697
_a
LITERATURA INFANTIL INGLESA
942
_c
BK
999
_c
192695
_d
192695